|
|
|
|
| LEADER |
00000nam a22000007a 4500 |
| 005 |
20191115120952.0 |
| 007 |
cr|||| |||| |
| 008 |
191115s2019 br |||||s|||| 00||0 por d |
| 020 |
|
|
|a 978-85-69220-52-7
|
| 035 |
|
|
|a 30660
|
| 040 |
|
|
|a vLex
|
| 090 |
|
|
|c 10032
|d 10032
|
| 100 |
1 |
|
|a Monedero, Juan Carlos
|
| 245 |
1 |
0 |
|a Curso urgente de polt̕ica para gente decente
|h [Recurso electrn̤ico] /
|c Juan Carlos Monedero
|
| 256 |
|
|
|a Servicio en ln̕ea
|
| 260 |
|
|
|a San Pablo:
|b Editora ContraCorrente,
|c 2019
|
| 300 |
|
|
|a 1 recurso electrn̤ico
|
| 500 |
|
|
|a A Editora Contracorrente apresenta a traduȯ̂ da pungente obra “Curso urgente de polt̕ica para gente decente”, em que Juan Carlos Monedero constri̤ um monl̤ogo sobre teoria polt̕ica e o mundo em que vivemos. A aversô e perplexidade da gente decente em relaȯ̂ s̉ elites polt̕icas motivam a produȯ̂ deste livro. Estimulado pelos mesmos princp̕ios que guiaram a fundaȯ̂ do Podemos, a participaȯ̂ cidad ̂e o transbordamento da polt̕ica, Monedero enumera as adversidades polt̕icas para a gente decente e alimenta uma transformaȯ̂ na percepȯ̂ dos processos polt̕icos atravš de aė̳s prt̀icas. Fundamental para entender e posicionar-se nos tempos polt̕icos que se apresentam globalmente e despontam no Brasil. Com linguagem poťica e ao mesmo tempo prt̀ica, Juan Carlos Monedero monta uma caixa de ferramentas para transformar a polt̕ica.
|
| 506 |
1 |
|
|a Disponible solo en los productos indicados
|d vLex Global
|d vLex Global (Academic Edition, excluding Law Schools)
|d vLex Global (U.S. Academic Edition, Law Schools)
|d vLex Global (U.S. Academic Edition, excluding Law Schools)
|d vLex Global (Academic Edition, Law Schools)
|
| 650 |
0 |
4 |
|a Derecho Pb︢lico y Administrativo
|z Brasil
|
| 650 |
0 |
4 |
|a Sociologa̕
|z Brasil
|
| 650 |
0 |
4 |
|a Ciencia polt̕ica
|z Brasil
|
| 740 |
0 |
|
|a vLex Libros (Servicio en ln̕ea)
|
| 856 |
4 |
0 |
|u http://vlex.com/source/curso-urgente-de-politica-para-gente-decente-30660
|z Acceso restringido
|
| 942 |
|
|
|c BOOK
|
| 999 |
0 |
|
|a Public and Administrative Law
|
| 999 |
0 |
|
|a Sociology
|
| 999 |
0 |
|
|a Political Science
|